00338 a2200109 4500020001500000082001200015100001800027245008100045260004900126300003100175650002200206 a812192605X a624 KHU aKhurmi, R. S. aCivil Engineering Conventional and Objective typecR. S. Khurmi, J. K. Gupta aNew Delhi :bEurasia Publishing House,c2000 axi, 659p. :bill. ;c26 cm aCivil Engineering